000 00711nam a2200229 a 4500
999 _c11067
_d11067
001 11067
003 BD-JhCC
005 20220731134024.0
008 190628b20162019bg a|||| ||a| 000 0 ben d
020 _a9787009603570
035 _a(BD-JhCC)11067
040 _aBD-JhCC
_dBD-JhCC
041 _aben
082 _a515
_bIQB 2019
100 _aইকবাল, মুহম্মদ জাফর
245 _aসহজ ক্যালকুলাস /
_cমুহম্মদ জাফর ইকবাল ।
260 _aঢাকা:
_bতাম্রলিপি;
_c২০১৯.
300 _a৮৬ পৃঃ . :
_c১৮ সেমি.
650 _aCalculus
942 _2ddc
_cBK
_09